00715nam a22002177a 450000500170000001000150001702000270003203500130005903700130007208200110008524500530009625000110014926000290016027000550018930000220024450000400026670000210030694200250032799900170035295201280036920150624105336.0 aENG-113008 a9789381714317c1395.00 aEN-96540 bDBAD/PUB a363.34 aDisaster management /cedited by Vinod K. Sharma a2nd ed aNew DelhibMedTechc2014 a4850/24, Ansari Road, DaryaganjbNew Delhie110002 ax,373p.c25cm(Hb) aIncludes bibliographical references aSharma, Vinod K. 2ddccENmDISh363.34 c93501d93501 001040718NFICaDBADbDBADd2015-05-12eDBAD / PUBg1395.00l0o363.34 DISpEN-96540r2015-05-12 00:00:00t1v1395.00yEN